The Virgin Islands : our new possessions and the British islands /

Bibliographic Details
Main Author: Booy, Theodoor Hendrik Nikolaas de, 1882-1919
Other Authors: Faris, John T. (John Thomson), 1871-1949
Format: Book
Language:English
Published: Westport, Conn. : Negro Universities Press, [1970]
Subjects:

MARC

Tag First Indicator Second Indicator Subfields
LEADER 00000cam a2200000 4500
001 in00000257591
005 20151010053649.0
008 700818r19701918ctuab b 00110 eng
010 |a  72109318  
020 |a 0837135842 
035 |a (OCoLC)00090276 
035 |9 ABC5309AM 
040 |a DLC  |c DLC  |d TXA  |d UtOrBLW 
043 |a nwvi---  |a nwvb--- 
049 |a TXAM  |c [854342] 
050 0 0 |a F2136  |b .B72 1970 
082 0 |a 917.297/22 
100 1 |a Booy, Theodoor Hendrik Nikolaas de,  |d 1882-1919. 
245 1 4 |a The Virgin Islands :  |b our new possessions and the British islands /  |c by Theodoor de Booy and John T. Faris. 
264 1 |a Westport, Conn. :  |b Negro Universities Press,  |c [1970] 
300 |a 292 pages :  |b illustrations, maps. ;  |c 23 cm. 
336 |a text  |b txt  |2 rdacontent 
337 |a unmediated  |b n  |2 rdamedia 
338 |a volume  |b nc  |2 rdacarrier 
500 |a Reprint of the 1918 edition. 
504 |a Bibliography: pages 284-[287]. 
651 0 |a United States Virgin Islands. 
651 0 |a British Virgin Islands. 
700 1 |a Faris, John T.  |q (John Thomson),  |d 1871-1949. 
999 |a MARS 
999 f f |s dab9fe85-4bf7-3217-adc9-76a7ed751388  |i aa916274-b691-37b6-ac02-535f97c888f4  |t 0 
952 f f |p ric  |a Texas A&M University  |b Rellis Campus  |c Joint Library Facility  |d Remote Storage  |t 0  |e F2136 .B72 1970  |h Library of Congress classification  |i unmediated -- volume  |m A14802361776 
998 f f |a F2136 .B72 1970  |t 0  |l Remote Storage